000 00356pab a2200145 454500
008 180718b2004 xxu||||| |||| 00| 0 eng d
100 _aVivek Kumar
245 _aBSP and Dalit aspirations
260 _c2004
300 _ap.1778-781.
362 _a1 May
650 _aPolitics and government
773 _aEconomic and Political Weekly
909 _a60403
999 _c60403
_d60403